| 000 | 00000nam 2200000za 4500 |
| 001 | 9.592192 |
| 003 | CaOODSP |
| 005 | 20210624201108 |
| 007 | cr ||||||||||| |
| 008 | 150406s2005||||xxc|||||o f|0| 0 fre d |
| 020 | |a0-662-74173-0 |
| 040 | |aCaOODSP|bfre |
| 043 | |an-cn--- |
| 086 | 1 |aCW69-14/428-2005F-PDF |
| 110 | 2 |aService canadien de la faune. |
| 245 | 10|aMise à jour, évaluation et rapport de situation du COSEPAC sur le rorqual commun, Balaenaptera physalus, au Canada |h[ressource électronique]. |
| 260 | |aOttawa - Ontario : |bEnvironnement Canada, |c2005. |
| 300 | |a50 p.|bfigures (certaines en couleur), références |
| 500 | |a«Population du Pacifique - menacée. Population de l'Atlantique - espèce préoccupante, 2005». |
| 500 | |aPubl. aussi en anglais sous le titre : COSEWIC assessment and update status report on the fin whale, Balaenoptera Physalus, Pacific population, Atlantic population, in Canada. |
| 590 | |a07-03-Supp|b2007-04-05 |
| 691 | 07|aEspèce menacée|2gcpds |
| 691 | 07|aBaleine|2gcpds |
| 775 | 08|tCOSEWIC assessment and update status report on the fin whale, Balaenoptera Physalus, Pacific population, Atlantic population, in Canada |w(CaOODSP)9.559434 |
| 794 | |tÉvaluation et rapport de situation du COSEPAC sur le rorqual commun, Balaenoptera physalus, population de l'Atlantique, population du Pacifique, au Canada.|w(CaOODSP)9.878716 |
| 856 | 40|ahttp://publications.gc.ca|qPDF|s3366 Ko|uhttps://publications.gc.ca/collections/Collection/CW69-14-428-2005F.pdf |